000 01098nam0a22002411 4500
001 rc\965417
005 20250622061103.0
035 _a(NLR Aleph) 006134740
090 _a5598907
_c5598907
100 _a20041129d1982 |||y0rusy50 ca
101 0 _arus
102 _aRU
105 _ay |||||||||
200 1 _aЭкономное и рациональное использование топлива и энергии в мире
_e(Реф. и библиогр. подборка)
_fПостоян. комис. СЭВ по сотрудничеству в обл. нефт. и газовой пром-сти, Междунар. отрасл. система науч. и техн. информации "Информнефтегаз"
_g[Сост. Рихтер Г. и др.]
210 _aМ.
_cВНИИОЭНГ
_d1982
215 _a28 с.
_d20
702 1 _aРихтер
_bГ.
_4220
712 0 2 _aСЭВ
_bКомис. по нефтяной и газовой промышленности
801 0 _aRU
_bNLR
_gpsbo
801 1 _aRU
_bELAR
_2rusmarc
852 _aNLR
_bС
_jК-1/1365
942 _cBOOK
980 _aNB